internationalization,Entrepreneurship and the smaller firm: (Record no. 9509)

MARC details
000 -LEADER
fixed length control field 00580nam a22001817a 4500
003 - CONTROL NUMBER IDENTIFIER
control field OSt
005 - DATE AND TIME OF LATEST TRANSACTION
control field 20250206163137.0
008 - FIXED-LENGTH DATA ELEMENTS--GENERAL INFORMATION
fixed length control field 250206b |||||||| |||| 00| 0 eng d
020 ## - INTERNATIONAL STANDARD BOOK NUMBER
International Standard Book Number 9781847208309
040 ## - CATALOGING SOURCE
Transcribing agency MUST
082 ## - DEWEY DECIMAL CLASSIFICATION NUMBER
Edition number 22
Classification number 338.04 INT 2009
245 ## - TITLE STATEMENT
Title internationalization,Entrepreneurship and the smaller firm:
Remainder of title Evidence from around the world/
Statement of responsibility, etc. edited by Marian V Jones [et al]
260 ## - PUBLICATION, DISTRIBUTION, ETC. (IMPRINT)
Place of publication, distribution, etc. United Kingdom:
Name of publisher, distributor, etc. Edward Elgar,
Date of publication, distribution, etc. 2009
300 ## - PHYSICAL DESCRIPTION
Extent xi,250p.
Dimensions 24cm
504 ## - BIBLIOGRAPHY, ETC. NOTE
Bibliography, etc References and Indexes are included
650 ## - SUBJECT ADDED ENTRY--TOPICAL TERM
Source of heading or term Entrepreneurship
942 ## - ADDED ENTRY ELEMENTS (KOHA)
Source of classification or shelving scheme Dewey Decimal Classification
Koha item type Open Shelf
Holdings
Withdrawn status Lost status Source of classification or shelving scheme Damaged status Not for loan Home library Current library Date acquired Source of acquisition Inventory number Total Checkouts Full call number Barcode Date last seen Price effective from Koha item type
    Dewey Decimal Classification     MUST Main Library MUST Main Library 06/02/2025 Donation 11/32840   338.04 INT 2009 2025-0010 06/02/2025 06/02/2025 Open Shelf